| 000 | 00532nam a2200193 a 4500 | ||
|---|---|---|---|
| 005 | 20210219153534.0 | ||
| 008 | 991125n 000 0 u | ||
| 035 | _aUPN01000105326 | ||
| 100 | _aSINOFSKY, Esther R. | ||
| 222 | _aTECHFRENDS : FOR LEADERS IN EDUCATION AND TRAINING | ||
| 245 | _aWorks made for hire | ||
| 300 | _a17-18 | ||
| 362 | _a1993 Vol. 38, no. 3, apr.-may. | ||
| 653 | 0 | _aDERECHOS DE AUTOR | |
| 653 | 0 | _aESTADOS UNIDOS DE AMERICA | |
| 653 | 0 | _aLEGISLACION | |
| 904 |
_aAC _b043137 |
||
| 905 | _aArticulo | ||
| 999 |
_c79425 _d79425 |
||